Baise-moi /

Uloženo v:
Podrobná bibliografie
Hlavní autor: Jan, Varou (Skladatel)
Další autoři: Despentes, Virginie (Režisér, Autor filmového scénáře atd., Scénárista), Trinh Thi, Coralie (Režisér, Scénárista), Godeau, Philippe (Producent, výrobce), Chamaillard, Benoit (Fotograf), Bach, Karen (Účinkující), Anderson, Raffaëla (Účinkující)
Médium: Video
Jazyk:italština
Vydáno: Italia : BIM Records, 2010
Tagy: Přidat tag
Žádné tagy, Buďte první, kdo vytvoří štítek k tomuto záznamu!

MARC

LEADER 00000ngm a22000007i 4500
001 IT\ICCU\DDS\1221887
003 ItRI
005 20260124182816.0
008 151215s2010 it |||||||||||||||k|||||c
028 4 2 |a 03243  |b BIM 
040 |b ita 
041 7 |a ita  |2 ISO-639-2 
100 1 |a Despentes, Virginie  |0 IT\ICCU\TO0V\329055  |4 drt 
240 1 0 |a Baise moi <film ; 2000>  |3 IT\ICCU\RAV\1110360 
245 1 0 |a Baise-moi /  |c scritto e diretto da Virginie Despentes e Coralie Trinh Thi ; direttore della fotografia: Benoît Chamaillard ; musiche originali: Varou Jan ; prodotto da Philippe Godeau ; cast: Raffaëla Anderson e Karen Bach. 
260 |a Italia :  |b BIM Records,  |c 2010 
300 |a 1 DVD (80 min.) :  |b Azione dal vivo, Colore, Suono sul supporto, Stereofonico, Digitale, 625 PAL 
500 |a Produzione: Francia, 2000. Film vietato ai minori di 18 anni. -durata: 80 min. 
700 1 |a Trinh Thi, Coralie  |0 IT\ICCU\UBOV\682701  |4 drt 
700 1 |a Godeau, Philippe  |0 IT\ICCU\DDSV\269532  |4 pro 
700 1 |a Chamaillard, Benoit  |0 IT\ICCU\DDSV\276864  |4 pht 
700 1 |a Despentes, Virginie  |0 IT\ICCU\TO0V\329055  |4 aus 
700 1 |a Despentes, Virginie  |0 IT\ICCU\TO0V\329055  |4 sce 
700 1 |a Trinh Thi, Coralie  |0 IT\ICCU\UBOV\682701  |4 sce 
700 1 |a Bach, Karen  |0 IT\ICCU\UBOV\682702  |4 prf 
700 1 |a Jan, Varou  |0 IT\ICCU\UBOV\951358  |4 cmp 
700 1 |a Anderson, Raffaëla  |0 IT\ICCU\VIAV\105919  |4 prf 
710 2 |a BIM Records  |0 IT\ICCU\DDSV\117786  |4 pbl 
942 |2 ddc  |c VM  |n 0 
952 |0 0  |1 0  |4 0  |6 VO_2291_000000000000000  |7 0  |9 26635  |a BO  |b BO  |d 2026-01-24  |i 18527  |l 0  |o VO 2291  |p BO18527  |r 2026-01-24 18:28:16  |w 2026-01-24  |x [Sebina 5] [1 dvd]  |y VM  |z 1 dvd 
999 |c 22527  |d 22527